000 00279nam a22001217a 4500
008 180606b xxu||||| |||| 00| 0 eng d
041 _aeng
080 _a043.3
100 _a0
101 _aSHKI-MA
245 _aImprovements of a Plastering Machine
_cAdemi, B
942 _2udc
_cBK
999 _c46426
_d46426